LEADER 02074nam 2200469 450 001 9910793390903321 005 20230126220625.0 010 $a1-4985-7357-6 035 $a(CKB)4100000007122843 035 $a(MiAaPQ)EBC5570881 035 $a(EXLCZ)994100000007122843 100 $a20181219d2018 uy 0 101 0 $aeng 135 $aurcnu|||||||| 181 $ctxt$2rdacontent 182 $cc$2rdamedia 183 $acr$2rdacarrier 200 10$aCustomized forms of Kurdishness in Turkey $estate rhetoric, locality, and language use /$fCeren S?engu?l 210 1$aLanham, Maryland :$cLexington Books,$d[2018] 210 4$dİ2018 215 $a1 online resource (137 pages) 225 0 $aKurdish societies, politics, and international relations 311 $a1-4985-7356-8 320 $aIncludes bibliographical references and index. 327 $aIntroduction : researching Kurdishness in Turkey -- Abbreviations -- Two "moments of transition" : how state rhetoric plays a role in manifestations of Kurdishness -- Contextualising Kurdishness through localities : everyday experiences of prejudice/discrimination -- Contextualising Kurdishness through language : family environment and neighbourhood -- Conclusion : (re-)shaping Kurdishness from macro to micro -- Appendix : list of the respondents. 330 $aThis book unpacks the diversity of experiences of Kurdishness in Turkey. By doing that, this book fills the gap within the literature on ethnicities. 606 $aKurds$zTurkey$xPolitics and government 606 $aKurds$zTurkey$xSocial conditions 606 $aKurds$zTurkey$xLanguages 607 $aTurkey$xEthnic relations 615 0$aKurds$xPolitics and government. 615 0$aKurds$xSocial conditions. 615 0$aKurds$xLanguages. 676 $a305.891/5970561 700 $aS?engu?l$b Ceren$01505574 801 0$bMiAaPQ 801 1$bMiAaPQ 801 2$bMiAaPQ 906 $aBOOK 912 $a9910793390903321 996 $aCustomized forms of Kurdishness in Turkey$93735208 997 $aUNINA LEADER 04155nam 2200685Ia 450 001 9910144833203321 005 20200520144314.0 010 $a9786612342523 010 $a9781282342521 010 $a1282342525 010 $a9780470699027 010 $a0470699027 010 $a9780470698457 010 $a0470698454 035 $a(CKB)1000000000687737 035 $a(EBL)470224 035 $a(OCoLC)609848917 035 $a(SSID)ssj0000298016 035 $a(PQKBManifestationID)11214939 035 $a(PQKBTitleCode)TC0000298016 035 $a(PQKBWorkID)10334744 035 $a(PQKB)10153587 035 $a(MiAaPQ)EBC470224 035 $a(Perlego)2748688 035 $a(EXLCZ)991000000000687737 100 $a19990316d2000 uy 0 101 0 $aeng 135 $aur|n|---||||| 181 $ctxt 182 $cc 183 $acr 200 12$aA guide to canine and feline orthopaedic surgery /$fHamish R. Denny, Steven J. Butterworth 205 $a4th ed. 210 $aOxford ;$aMalden, MA, USA $cBlackwell Science$dc2000 215 $a1 online resource (641 p.) 300 $aDescription based upon print version of record. 311 08$a9780632051038 311 08$a0632051035 320 $aIncludes bibliographical references and index. 327 $aA Guide to Canine and Feline Orthopaedic Surgery; Contents; Preface; SECTION 1 GENERAL; 1 Fracture healing; 2 Bone grafts; 3 Healing of soft tissue injuries; 4 Osteochondrosis; 5 Intervertebral disc disease and spinal cord injury; SECTION 2 JOINT DISEASE; 6 Classification and investigation of joint disease; 7 Osteoarthritis; 8 Immune-mediated polyarthritides; 9 Infective (septic) arthritis; 10 Joint-related neoplasia; SECTION 3 FRACTURE MANAGEMENT; 11 Classification of fractures; 12 Options in fracture management; 13 Fracture complications; 14 Open fractures 327 $a15 Treating fractures in immature patientsSECTION 4 THE SKULL AND SPINE; 16 The skull; 17 Neurological examination; 18 Differential diagnosis; 19 Further investigation of spinal diseases; 20 Peripheral nerve injury; 21 Spinal fractures and luxations; 22 Atlantoaxial subluxation; 23 Cervical disc disease; 24 Cervical spondylopathy; 25 Thoracolumbar disc disease; 26 Lumbosacral disease; 27 Discospondylitis; 28 Neoplasia of the vertebral column; 29 Miscellaneous conditions of the spine; SECTION 5 THE FORELIMB; 30 Examination and differential diagnosis of forelimb lameness; 31 The shoulder 327 $a32 The humerus33 Theelbow; 34 The radius and ulna; 35 The carpus; 36 Themanus; 37 Forelimb amputation; SECTION 6 THE HINDLIMB; 38 Examination and differential diagnosis of hindlimb lameness; 39 The pelvis; 40 The hip; 41 The femur; 42 The stifle; 43 The tibia and fibula; 44 The tarsus; 45 The pes; 46 Hindlimb amputation; SECTION 7 MISCELLANEOUS ORTHOPAEDIC CONDITIONS; 47 Nutritional bone disease; 48 Non-nutritional bone disease; 49 Myopathies; 50 Peripheral neuropathies; 51 Bone neoplasia; Index 330 $aThis successful book, first published in 1980 and now in its fourth edition, provides an authoritative guide for busy practitioners trying to keep pace with current trends in small animal orthopaedic surgery. In this new edition Hamish Denny and Steven Butterworth have retained the same practical approach but have completely rewritten and updated the book to provide a comprehensive review of orthopaedic and spinal conditions in the dog and cat. The illustrations have also undergone a major overhaul and the many line drawings are now combined with photographs and radiographs to clarify diagnost 606 $aDogs$xSurgery 606 $aCats$xSurgery 606 $aVeterinary orthopedics 615 0$aDogs$xSurgery. 615 0$aCats$xSurgery. 615 0$aVeterinary orthopedics. 676 $a636.089715 676 $a636.7089747 700 $aDenny$b H. R$0873796 701 $aButterworth$b Steven J$0513487 801 0$bMiAaPQ 801 1$bMiAaPQ 801 2$bMiAaPQ 906 $aBOOK 912 $a9910144833203321 996 $aA guide to canine and feline orthopaedic surgery$91950657 997 $aUNINA